| 000 | 00549ngm a2200169 a 4500 | ||
|---|---|---|---|
| 005 | 20170215113036.0 | ||
| 008 | 140123b2001 ck ||||| |||| 00| 0 spa d | ||
| 040 |
_aCO-BoIAVH _cCO-BoIAVH |
||
| 041 | _aspa | ||
| 090 |
_aAV- _b00339 |
||
| 110 |
_aInstituto de Investigación de Recursos Biológicos Alexander von Humboldt _bInstituto de Investigación de Recursos Biológicos Alexander von Humboldt _979671 |
||
| 245 |
_aGorgona _bsenderos de diosa y coral |
||
| 257 | _aColombia | ||
| 300 | _a21 min 38 seg | ||
| 942 |
_cVHS _2z |
||
| 945 | _d2005-05-25 | ||
| 999 |
_c4536 _d4536 |
||